00437nam a2200157Ia 450000100060000000800410000602000180004704000130006508200210007810000160009924500680011526000600018330000110024354600070025465000180026157984140507s9999 xx 000 0 und d a9781615300150 cPK-LaUMT a 321.00922bHUN- aMcKnna, Amy 4aThe 100 most influential world leaders of all timecMcKnna, Amy aNew York,USA:bBritannica Educational Publishing,c2010 a382 p. aEN aWorld history